00470 2200193 4500001002100000005001500021008004100036020001800077035001900095041000700114082000800121090001400129100002100143245004300164250000900207260002100216300002300237650001600260INLIS00000000000410820241224112841241224||||||||| | ||| |||| || |  a979-756-120-9 0010-1224004108 aen0 a420 a420 BAM t0 abambang setiyadi00aTeaching english as a foreign languace aed.1 bGraha Ilmuc2006 axii,196hlm,.;23 cm 0aIlmu Bahasa